MARC details
| 000 -CABECERA |
| campo de control de longitud fija |
00998nam a2200289 a 4500 |
| 001 - NÚMERO DE CONTROL |
| campo de control |
vtls002896706 |
| 003 - IDENTIFICADOR DEL NÚMERO DE CONTROL |
| campo de control |
ES-BaIT |
| 005 - FECHA Y HORA DE LA ÚLTIMA TRANSACCIÓN |
| campo de control |
20230512101851.0 |
| 008 - DATOS DE LONGITUD FIJA--INFORMACIÓN GENERAL |
| campo de control de longitud fija |
120412s2011 spc|||| |||| 000 d cat|c |
| 010 ## - NÚMERO DE CONTROL DE LA BIBLIOTECA DEL CONGRESO |
| Número de control de LC |
2896706 |
| 020 ## - NÚMERO INTERNACIONAL ESTÁNDAR DEL LIBRO |
| Número Internacional Estándar del Libro |
9788415248576 |
| 035 ## - NÚMERO DE CONTROL DEL SISTEMA |
| Número de control de sistema |
b5248483x |
| 039 #9 - NIVEL DE CONTROL BIBLIOGRÁFICO Y DETALLES DE CODIFICACIÓN [OBSOLETO] |
| Nivel de reglas en descripción bibliográfica |
201403072143 |
| Nivel de esfuerzo utilizado para asignar no-encabezamientos de materia en puntos de acceso |
VLOAD |
| Nivel de esfuerzo utilizado en la asignación de encabezamientos de materia |
201303091838 |
| Nivel de esfuerzo utilizado para asignar clasificación |
VLOAD |
| Nivel de esfuerzo utilizado en la asignación de encabezamientos de materia |
201207101238 |
| Nivel de esfuerzo utilizado para asignar clasificación |
rieravj |
| Nivel de esfuerzo utilizado en la asignación de encabezamientos de materia |
201204121040 |
| Nivel de esfuerzo utilizado para asignar clasificación |
reguilonfl |
| -- |
201204121040 |
| -- |
reguilonfl |
| 080 ## - NÚMERO DE LA CLASIFICACIÓN DECIMAL UNIVERSAL |
| Número de la Clasificación Decimal Universal |
849.9-2"19" |
| 040 ## - FUENTE DE LA CATALOGACIÓN |
| Centro catalogador/agencia de origen |
ES-BaIT |
| Lengua de catalogación |
cat |
| 100 1# - ENTRADA PRINCIPAL--NOMBRE DE PERSONA |
| Nombre de persona |
Casanovas, Jordi, |
| Fechas asociadas al nombre |
1978- |
| 9 (RLIN) |
12129 |
| 245 14 - MENCIÓN DE TÍTULO |
| Título |
Una història catalana / |
| Mención de responsabilidad, etc. |
Jordi Casanovas |
| 260 ## - PUBLICACIÓN, DISTRIBUCIÓN, ETC. |
| Lugar de publicación, distribución, etc. |
[Tarragona] : |
| Nombre del editor, distribuidor, etc. |
Arola, |
| Fecha de publicación, distribución, etc. |
2011 |
| 300 ## - DESCRIPCIÓN FÍSICA |
| Extensión |
162 p. ; |
| Dimensiones |
17 cm |
| 490 1# - MENCIÓN DE SERIE |
| Mención de serie |
Textos a part. |
| -- |
Teatre contemporani ; |
| Designación de volumen o secuencia |
94 |
| -- |
63285 |
| 500 ## - NOTA GENERAL |
| Nota general |
P17: D7, H10 |
| 830 #0 - PUNTO DE ACCESO ADICIONAL DE SERIE-TÍTULO UNIFORME |
| Título uniforme |
Textos a part. |
| Nombre de parte o sección de la obra |
Teatre contemporani ; |
| Designación de volumen o secuencia |
94 |
| 9 (RLIN) |
63285 |
| 940 ## - EQUIVALENCIA O REFERENCIA-CRUZADA--TÍTULO UNIFORME [OBSOLETO] [solamente CAN/MARC] |
| Título uniforme |
<a href="CVA7">CVA7</a> |
| 949 ## - PROCESAMIENTO DE INFORMACIÓN LOCAL (OCLC) |
| -- |
VIRTUAITEM |
| -- |
10040 |
| -- |
10040 |
| -- |
1 |
| 6 |
1900063483 |
| a |
849 CASA his |
| 998 ## - INFORMACIÓN DE CONTROL LOCAL (RLIN) |
| -- |
VIRTUA |
| 998 ## - INFORMACIÓN DE CONTROL LOCAL (RLIN) |
| -- |
VTLSSORT0080*0200*0350*0800*1000*2450*2600*3000*5000*8300*8560*9400*9992 |